000 00314nam a22001337a 4500
008 171024b xxu||||| |||| 00| 0 eng d
020 _a0130411469
041 _aeng
080 _a311
100 _a55
101 _aSTA
245 _aAPPLIED MULTIVARIALE STATISTICAL ANALYSIS
_cJOHNSON,R,A
942 _2udc
_cBK
999 _c35763
_d35763